E-Commerce (Record no. 33304)

MARC details
000 -LEADER
fixed length control field 00418nam a22001817a 4500
005 - DATE AND TIME OF LATEST TRANSACTION
control field 20230825115943.0
008 - FIXED-LENGTH DATA ELEMENTS--GENERAL INFORMATION
fixed length control field 230825b |||||||| |||| 00| 0 eng d
020 ## - INTERNATIONAL STANDARD BOOK NUMBER
ISBN 9789332556737
082 ## - DEWEY DECIMAL CLASSIFICATION NUMBER
Classification number 362.34
Item number LAU-E
100 ## - MAIN ENTRY--AUTHOR
Author Name Laudon,Kenneth
245 ## - TITLE STATEMENT
Title E-Commerce
250 ## - EDITION STATEMENT
Edition statement 10th
260 ## - PUBLICATION, DISTRIBUTION, ETC.
Place of Publication India:
Name of publisher, distributor, etc. Pearson,
Date of publication, distribution, etc. 2016.
300 ## - PHYSICAL DESCRIPTION
Pages 804 pages
500 ## - GENERAL NOTE
General note Index Include.
650 ## - SUBJECT ADDED ENTRY--TOPICAL TERM
Subject / Department Marketing
952 ## - LOCATION AND ITEM INFORMATION (KOHA)
-- 0
-- 0
Holdings
Lost status Damaged status Permanent Location Current Location Shelving Location Date acquired Full Call Number Accession No./Barcode Date last seen item type
    Superior Information Resource Center (SIRC) Superior University- Gold Campus Superior Information Resource Center (SIRC) Superior University- Gold Campus Marketing 08/25/2023 362.34 LAU-E 2016 19702 08/25/2023 BOOK

Powered by Koha